00345cam a22001334a 4500020001800000041001200018082001300030245004200043260005100085300002700136650001000163700002000173700001800193 a9780761943259 aENGLISH a297bAHM04aThe SAGE handbook of Islamic studies  aThousand Oaks, CA :bSAGE Publications,c2010. axxii, 369 p. :bill. ; 0aIslam1 aAhmed, Akbar S.1 aSonn, Tamara,